| Поле | Инд. | ПП | Название | Значение |
|---|---|---|---|---|
| Тип записи | a | |||
| Библиографический уровень | a | |||
| 001 | Контрольный номер | 64e9bfd748d14d5f9d3906fde6879f21 | ||
| 005 | Дата корректировки | 20260423091618.2 | ||
| 020 | a | ISBN | 978-5-907919-723 | |
| 040 | a | Служба первич. каталог. | НБ ТвГУ | |
| b | Код языка каталог. | rus | ||
| e | Правила каталог. | PSBO | ||
| 041 | 0_ | a | Код языка текста | rus |
| 097 | b | Оператор | Komarova.ES | |
| 100 | 1_ | a | Автор | Пшеницына Наталия Альбертовна |
| q | Полное имя | Пшеницына Н. А. | ||
| 245 | 10 | a | Заглавие | Восприятие мультфильма как средство эстетического развития младших школьников |
| 260 | a | Место издания | Москва | |
| b | Издательство | Московский союз литераторов | ||
| 504 | a | Библиография | Библиогр. в подстроч. примеч. | |
| 520 | 0_ | a | Аннотация | В статье рассматривается малоизученный вопрос художественной природы мультфильма как одной из основ эстетического развития младших мультипликационного школьников произведения. в На процессе конкретном просмотра примере демонстрируются возможности, которые открываются для понимания специфики художественного мира мультфильма, особенностей процесса его восприятия и приёмов эффективного освоения мультфильма как искусства. |
| 653 | 0_ | a | Ключевые слова | Искусство |
| a | Ключевые слова | Школьные произведения | ||
| a | Ключевые слова | Младшие школьники | ||
| a | Ключевые слова | Мультфильм | ||
| a | Ключевые слова | Эстетическое развитие | ||
| 773 | 18 | w | Контрольный № источника | b6c41c0621c24b1a8844e5348daa290e |
| t | Название источника | IV международная научно-практическая конференция "Русский язык и литература в современном мире: как сохранить национальный культурный код" | ||
| d | Место и дата издания | Москва : Московский союз литераторов, 2026 | ||
| g | Прочая информация | С. 122-138 | ||
| 901 | t | Тип документа | a | |
| 920 | a | Оператор | Кома | |
| 954 | b | Дата поступления в ОК | 20260423 |